<?xml version="1.0" encoding="UTF-8"?>
<record
    xmlns:xsi="http://www.w3.org/2001/XMLSchema-instance"
    xsi:schemaLocation="http://www.loc.gov/MARC21/slim http://www.loc.gov/standards/marcxml/schema/MARC21slim.xsd"
    xmlns="http://www.loc.gov/MARC21/slim">

  <leader>00800nam a2200169Ia 4500</leader>
  <controlfield tag="008">090711s9999    xx            000 0 und d</controlfield>
  <datafield tag="082" ind1=" " ind2=" ">
    <subfield code="b">967</subfield>
  </datafield>
  <datafield tag="100" ind1=" " ind2=" ">
    <subfield code="a">&#x938;&#x94B;&#x935;&#x928;&#x940; &#x930;&#x93E;. &#x935;&#x93F;. / &#x928;&#x93E;&#x930;&#x933;&#x940;&#x915;&#x930; &#x91C;&#x92F;&#x902;&#x924;</subfield>
  </datafield>
  <datafield tag="245" ind1=" " ind2=" ">
    <subfield code="a">&#x932;&#x941;&#x908;&#x92A;&#x93E;&#x936;&#x94D;S&#x93E;&#x930; (&#x92E;&#x93E;&#x928;&#x935;&#x924;&#x947;S&#x93E;&#x93E; &#x90F;&#x915; &#x92E;&#x939;&#x93E;&#x928; &#x92A;&#x94D;&#x930;&#x935;&#x930;&#x94D;&#x924;&#x915;)</subfield>
  </datafield>
  <datafield tag="260" ind1=" " ind2=" ">
    <subfield code="c">1994</subfield>
  </datafield>
  <datafield tag="300" ind1=" " ind2=" ">
    <subfield code="a">26</subfield>
  </datafield>
  <datafield tag="600" ind1=" " ind2=" ">
    <subfield code="a">&#x938;&#x94B;&#x935;&#x928;&#x940; &#x930;&#x93E;. &#x935;&#x93F;. / &#x928;&#x93E;&#x930;&#x933;&#x940;&#x915;&#x930; &#x91C;&#x92F;&#x902;&#x924;</subfield>
  </datafield>
  <datafield tag="630" ind1=" " ind2=" ">
    <subfield code="a">&#x932;&#x941;&#x908;&#x92A;&#x93E;&#x936;&#x94D;S&#x93E;&#x930; (&#x92E;&#x93E;&#x928;&#x935;&#x924;&#x947;S&#x93E;&#x93E; &#x90F;&#x915; &#x92E;&#x939;&#x93E;&#x928; &#x92A;&#x94D;&#x930;&#x935;&#x930;&#x94D;&#x924;&#x915;)</subfield>
  </datafield>
  <datafield tag="700" ind1=" " ind2=" ">
    <subfield code="a">&#x938;&#x94B;&#x935;&#x928;&#x940; &#x930;&#x93E;. &#x935;&#x93F;. / &#x928;&#x93E;&#x930;&#x933;&#x940;&#x915;&#x930; &#x91C;&#x92F;&#x902;&#x924;</subfield>
  </datafield>
  <datafield tag="730" ind1=" " ind2=" ">
    <subfield code="a">&#x932;&#x941;&#x908;&#x92A;&#x93E;&#x936;&#x94D;S&#x93E;&#x930; (&#x92E;&#x93E;&#x928;&#x935;&#x924;&#x947;S&#x93E;&#x93E; &#x90F;&#x915; &#x92E;&#x939;&#x93E;&#x928; &#x92A;&#x94D;&#x930;&#x935;&#x930;&#x94D;&#x924;&#x915;)</subfield>
  </datafield>
  <datafield tag="942" ind1=" " ind2=" ">
    <subfield code="c">BOOK</subfield>
  </datafield>
  <datafield tag="999" ind1=" " ind2=" ">
    <subfield code="c">324458</subfield>
    <subfield code="d">324458</subfield>
  </datafield>
</record>
